Équipe de Norvège de Football - Tous les joueurs (2010-....) - Statistiques

Statistiques générales
  • Ce quiz a été pris 97 fois
    9 depuis la dernière actualisation
  • Le résultat moyen est 23 sur 166
Statistiques - réponses
Première sélection Dernière sélection Joueur Nb de sélections % Correct
2019 Erling Haaland 48
100%
2014 Martin Odegaard 67
100%
2016 Alexander Sorloth 68
78%
2023 Antonio Nusa 20
56%
2021 Patrick Berg 39
56%
2006 2013 Bjorn Helge Riise 35
44%
2013 2013 Fredrik Semb Berge 3
44%
2020 Jens Petter Hauge 13
44%
2000 2013 John Arne Riise 110
44%
1998 2011 John Carew 91
44%
2020 Jorgen Strand Larsen 24
44%
2014 Mohamed Elyounoussi 55
44%
2017 Sander Berge 62
44%
2008 2019 Tarik Elyounoussi 60
44%
2013 2022 André Hansen 11
33%
2017 2023 Birger Meling 39
33%
2015 2021 Jonas Svensson 23
33%
2012 2022 Joshua King 62
33%
2020 Kristian Thorstvedt 33
33%
2018 Kristoffer Ajer 48
33%
2022 Leo Skiri Ostigard 34
33%
2023 Oscar Bobb 16
33%
2010 2017 Ruben Yttergard Jenssen 39
33%
2012 2017 Alexander Soderlund 32
22%
2024 Andreas Schjelderup 8
22%
2004 2014 Daniel Braaten 52
22%
2025 Eivind Helland 1
22%
2020 Julian Ryerson 39
22%
2021 Marcus Holmgren Pedersen 30
22%
2013 2015 Marcus Pedersen 9
22%
2004 2014 Morten Gamst Pedersen 83
22%
2015 2019 Ole Selnaes 32
22%
2013 Orjan Nyland 67
22%
2015 2016 Pal André Helland 6
22%
2021 Stian Rode Gregersen 11
22%
2015 2017 Adama Diomande 11
11%
2007 2017 Alexander Tettey 34
11%
2012 2014 Anders Konradsen 8
11%
2016 2017 Anders Trondsen 4
11%
2020 Andreas Hanche-Olsen 22
11%
2021 Aron Donnum 18
11%
2017 2020 Bjorn Johnsen 16
11%
2002 2014 Brede Hangeland 91
11%
2005 2015 Christian Grindheim 54
11%
2024 Colin Rösler 1
11%
2023 David Moller Wolfe 18
11%
2021 2021 Dennis Johnsen 1
11%
2023 Egil Selvik 5
11%
2008 2014 Erik Huseklepp 36
11%
2009 2011 Espen Bugge Pettersen 7
11%
2009 2014 Espen Ruud 35
11%
2012 2020 Even Hovland 29
11%
2021 Fredrik André Bjorkan 17
11%
2021 Fredrik Aursnes 20
11%
2014 2016 Fredrik Gulbrandsen 3
11%
2016 2022 Fredrik Midtsjo 11
11%
2014 2020 Fredrik Ulvestad 4
11%
2001 2010 Fredrik Winsnes 19
11%
2000 2013 Frode Johnsen 35
11%
2017 2017 Gustav Valsvik 6
11%
2015 2020 Haitam Aleesami 31
11%
2011 2019 Havard Nordtveit 52
11%
2006 2011 Henning Hauger 23
11%
2022 Hugo Vetlesen 6
11%
2016 2019 Iver Fossum 14
11%
2013 2013 Johan Laedre Bjordal 3
11%
2012 2017 Jo Inge Berget 20
11%
2012 2013 Jonathan Parr 9
11%
2004 2010 Jon Inge Hoiland 25
11%
2008 2011 Jon Knudsen 20
11%
2013 2013 Jorgen Skjelvik 8
11%
2014 2014 Kenneth Hoie 1
11%
2005 2013 Kjetil Waehler 32
11%
2009 2010 Knut Olav Rindaroy 2
11%
2005 2014 Kristofer Haestad 27
11%
2024 Lasse Berg Johnsen 3
11%
2001 2010 Magne Hoseth 22
11%
2012 2016 Magnus Wolff Eikrem 17
11%
2010 2020 Markus Henriksen 58
11%
2023 Markus Solbakken 1
11%
2013 2021 Martin Linnes 29
11%
2023 Mathias Dyngeland 1
11%
2019 2022 Mathias Normann 12
11%
2013 2023 Mats Moller Daehli 36
11%
2008 2017 Mohammed Abdellaoue 33
11%
2017 Morten Thorsby 29
11%
2012 2012 Mustafa Abdellaoue 3
11%
2017 2022 Ohi Omoijuanfo 2
11%
2013 2019 Ola Kamara 17
11%
2021 Ola Solbakken 11
11%
2013 2020 Omar Elabdellaoui 49
11%
2007 2017 Per Ciljan Skjelbred 43
11%
2014 2017 Per-Egil Flo 5
11%
2020 2021 Ruben Gabrielsen 2
11%
2013 2014 Ruben Kristiansen 4
11%
2007 2021 Rune Jarstein 72
11%
2018 2018 Sigurd Rosted 5
11%
2007 2012 Simen Brenne 15
11%
2024 Sindre Walle Egeli 1
11%
2024 Sondre Langas 2
11%
2013 2020 Stefan Johansen 55
11%
2013 2023 Stefan Strandberg 36
11%
1998 2011 Steffen Iversen 79
11%
2013 2022 Sten Grytebust 5
11%
2025 Sverre Nypan 1
11%
2021 2021 Thomas Lehne Olsen 1
11%
2012 2012 Thomas Rogne 2
11%
2000 2010 Thorstein Helstad 38
11%
2008 2015 Tom Hogli 49
11%
2024 Torbjorn Heggem 11
11%
2008 2020 Tore Reginiussen 31
11%
2008 2014 Vadim Demidov 16
11%
2012 2016 Valon Berisha 20
11%
2012 2017 Vegard Forren 33
11%
2012 2013 Vegar Eggen Hedenstad 4
11%
2015 2022 Veton Berisha 10
11%
2014 2014 Abdisalam Ibrahim 2
0%
2020 2020 Andreas Vindheim 1
0%
2014 2014 André Danielsen 2
0%
2004 2013 Ardian Gashi 14
0%
2025 Aune Heggebo 2
0%
2023 Bard Finne 4
0%
2023 Brice Wembangomo 1
0%
2020 2020 Daniel Granli 1
0%
2024 Erik Botheim 2
0%
2001 2010 Erik Nevland 8
0%
2024 Felix Horn Myhre 5
0%
2014 2014 Fredrik Brustad 1
0%
2018 2020 Ghayas Zahid 2
0%
2020 2020 Hakon Evjen 1
0%
2012 2014 Harmeet Singh 5
0%
2012 2015 Havard Nielsen 14
0%
2003 2010 Jan Gunnar Solli 40
0%
2014 2015 Jone Samuelsen 10
0%
2013 2013 Jorgen Horn 2
0%
2024 Jostein Gundersen 2
0%
2011 2011 Kim André Madsen 5
0%
2025 Kristian Arnstad 1
0%
2020 2020 Kristoffer Askildsen 1
0%
2023 Kristoffer Velde 1
0%
2021 2022 Kristoffer Zachariassen 3
0%
2012 2013 Lars-Christopher Vilsvik 5
0%
2012 2013 Magnus Lekven 4
0%
2021 2021 Marius Lode 2
0%
2016 2018 Martin Samuelsen 3
0%
2013 2013 Mohammed Fellah 2
0%
2009 2011 Morten Moldskred 9
0%
2014 2014 Mushaga Bakenga 1
0%
2016 2016 Niklas Gunnarsson 1
0%
2022 Ola Brynhildsen 4
0%
2023 2023 Osame Sahraoui 1
0%
2005 2014 Oyvind Storflor 4
0%
2017 2017 Pal Alexander Kirkevold 1
0%
2020 2020 Per Kristian Bratveit 1
0%
2006 2011 Petter Vaagan Moen 9
0%
2025 Sebastian Sebulonsen 1
0%
2020 2020 Sondre Tronstad 1
0%
2012 2014 Steffen Hagen 3
0%
2014 2014 Stian Ringstad 1
0%
2025 Thelo Aasgaard 6
0%
2012 2012 Thomas Drage 1
0%
2014 2014 Thomas Grogaard 1
0%
2014 2014 Thomas Kind Bendiksen 2
0%
2012 2012 Thomas Sorum 1
0%
2021 2021 Tokmac Nguen 1
0%
2013 2014 Yann-Erik de Lanlay 5
0%
Aucun quiz correspondant
Distribution des résultats
% des personnes avec chaque résultat
Percentile par nombre de réponses
Votre historique - résultats
Vous n’avez pas pris ce quiz depuis la dernière actualisation